Princess Pip's perfect party / (Record no. 8316)

MARC details
000 -LEADER
fixed length control field 01195nam a22002777a 4500
001 - CONTROL NUMBER
control field 8316
003 - CONTROL NUMBER IDENTIFIER
control field FISKH
005 - DATE AND TIME OF LATEST TRANSACTION
control field 20250909085008.0
008 - FIXED-LENGTH DATA ELEMENTS--GENERAL INFORMATION
fixed length control field 250909b cb ||||| |||| 00| 0 eng d
020 ## - INTERNATIONAL STANDARD BOOK NUMBER
International Standard Book Number 9781407139098
040 ## - CATALOGING SOURCE
Original cataloging agency FISKH
Language of cataloging eng
Transcribing agency FISKH
Modifying agency FISKH
082 ## - DEWEY DECIMAL CLASSIFICATION NUMBER
Classification number 823.9
100 ## - MAIN ENTRY--PERSONAL NAME
Personal name Kuenzler, Lou
245 ## - TITLE STATEMENT
Title Princess Pip's perfect party /
Statement of responsibility, etc. By Lou Kuenzler
250 ## - EDITION STATEMENT
Edition statement First published in the UK by Scholastic Ltd, 2014
260 ## - PUBLICATION, DISTRIBUTION, ETC.
Place of publication, distribution, etc. New York :
Name of publisher, distributor, etc. Scholastic ,
Date of publication, distribution, etc. 2014.
300 ## - PHYSICAL DESCRIPTION
Extent 44 pages :
Other physical details color illustrations ;
Dimensions 19 cm .
490 ## - SERIES STATEMENT
Series statement Little Red Robin
505 ## - FORMATTED CONTENTS NOTE
Formatted contents note K <br/>
520 ## - SUMMARY, ETC.
Summary, etc. Get ready to read! LITTLE RED ROBINS are ideal for sharing and reading together. Full colour illustrations throughout. Princess Pip longs to go to Princess Academy, just like her big sister Grace. There are no princesses in Cragland - just big hairy warriors. But she's too young to go. When Pip finds out that all she needs to grow is a birthday, she decides to throw the pinkest, princessiest, most perfect party ever.
521 8# - TARGET AUDIENCE NOTE
Target audience note 510 <br/>
Source Lexile estimate <br/>
521 8# - TARGET AUDIENCE NOTE
Target audience note K <br/>
Source Raz-Plus <br/>
700 ## - ADDED ENTRY--PERSONAL NAME
Personal name Crisp, Dan
Relator term Illustrator
942 ## - ADDED ENTRY ELEMENTS (KOHA)
Source of classification or shelving scheme Dewey Decimal Classification
Koha item type Books
Suppress in OPAC No
Holdings
Withdrawn status Lost status Source of classification or shelving scheme Damaged status Not for loan Collection Home library Current library Shelving location Date acquired Total Checkouts Full call number Barcode Date last seen Price effective from Koha item type
    Dewey Decimal Classification     Juvenile Fiction Footprints International School Library Network Toul Tom Poung Campus Footprints International School Library Network Toul Tom Poung Campus TTP Primary Yellow Bookshelves 09/09/2025   KUE 823.9 FISBK02695 09/09/2025 09/09/2025 Books